Statistics for All-Time Iconic Great Athletes (Male version)

Click here to take the quiz!

General Stats

  • This quiz has been taken 40 times
  • The average score is 10 of 15

Answer Stats

SportAnswer% Correct
BasketballMichael Jordan
97%
BoxingMuhammad Ali
90%
SoccerPele
90%
BaseballBabe Ruth
83%
SwimmingMichael Phelps
83%
HockeyWayne Gretzky
79%
SkateboardingTony Hawk
76%
BodybuildingArnold Schwarzenegger
69%
Martial ArtsBruce Lee
69%
TennisRoger Federer
62%
Professional WrestlingHulk Hogan
59%
GolfJack Nicklaus
55%
Auto Racing (NASCAR)Dale Earnhardt
52%
Track & FieldJesse Owens
38%
American FootballJoe Montana
24%

Score Distribution

Percentile by Number Answered

Percent of People with Each Score

Your Score History

You have not taken this quiz